00672nam a22002177a 450000500170000001000150001702000270003203500140005903700280007308200080010110000190010924500980012826000450022627000720027130000220034370000170036570000190038270000160040170000170041770000200043420230802154905.0 aENG-137666 a9789390157204c1095.00 aEN-121198 bD.P.S. Publishing House a004 aJindal, Munish aUGC-NET/JRF/SET: bComputer Science and Application (Paper-II) /cMunish Jindal... [et .al].. aNew DelhibD.P.S. Publishing Housec2021 a4598/12B, Gola Cottage, Ansari Road, Darya Ganj,bNew Delhie110002 a1026p.c24cm(pbk) aMangat,Veenu aSaluja,Krishan aJindal,K.M. aGoyal,Vishal aKaur,Harmandeep